| 000 | 00444nam a2200169Ia 4500 | ||
|---|---|---|---|
| 999 |
_c1615 _d1615 |
||
| 003 | OSt | ||
| 005 | 20200924113448.0 | ||
| 008 | 190216s9999||||xx |||||||||||||| ||und|| | ||
| 040 | _coclc | ||
| 082 |
_a572.8 _bRAN/B |
||
| 100 |
_aRanga, M M _94926 |
||
| 245 | 0 |
_aBioinformatics / _cM M Ranga |
|
| 260 |
_bAgrobios, _aJodhpur: _c2004. |
||
| 300 | _a150p | ||
| 650 | _aBotany | ||
| 942 |
_cBK _2ddc _h572.8 _iRAN/B _k572.8 _mRAN/B |
||